Digital Electronics (Record no. 303993)

MARC details
000 -LEADER
fixed length control field 00430nam a2200169Ia 4500
008 - FIXED-LENGTH DATA ELEMENTS--GENERAL INFORMATION
fixed length control field 230718s9999 xx 000 0 und d
041 ## - LANGUAGE CODE
Language code of text/sound track or separate title eng
082 ## - DEWEY DECIMAL CLASSIFICATION NUMBER
Classification number 621.381
Item number BIG
100 ## - MAIN ENTRY--PERSONAL NAME
Personal name Bignell J.
245 ## - TITLE STATEMENT
Title Digital Electronics
250 ## - EDITION STATEMENT
Edition statement 4th ed.
260 ## - PUBLICATION, DISTRIBUTION, ETC. (IMPRINT)
Date of publication, distribution, etc. 2000
Name of publisher, distributor, etc. Delmar
300 ## - PHYSICAL DESCRIPTION
Extent 730
Accompanying material [OBSOLETE, CAN/MARC] Ref 674 E (15201)
365 ## - TRADE PRICE
Currency code Rs.
Price amount 336.05
700 ## - ADDED ENTRY--PERSONAL NAME
Personal name Bignell J. & Donovan R.
906 ## - LOCAL DATA ELEMENT F, LDF (RLIN)
d B:50712-Jul-2002
c ETC
b 53.768
Holdings
Withdrawn status Lost status Damaged status Not for loan Home library Current library Date acquired Vendor Budget Code Cost, normal purchase price Bill number Total Checkouts Full call number Barcode Date last seen Date last checked out Discount Cost, replacement price Bill Date Koha item type Original Barcode
        Cummins College of Engineering for Women Pune Cummins College of Engineering for Women Pune 25/07/2002 RBS ETC 282.28 507 9 621.381 CCEP-BK-15200 11/12/2025 27/11/2025 53.768 336.05 12/07/2002 Books 015200